000 00765nam a22002057a 4500
999 _c18828
_d18828
003 AR-CdUCM
008 190515b ||||| |||| 00| 0 spa d
040 _aMUNICIPALIDAD PROVINCIAL DEL CUSCO
_cBIBLIOTECA MUNICIPAL DEL CUSCO
082 _a869.56 /
_bT72
100 _aTorre, Alfonso de
_939672
245 _aLa lira de Nerón /
260 _aPerú :
_bEdiciones Capuli,
_c1979.
300 _a141 páginas ;
_c21.5 cm.
505 _aContenido: La lira de Nerón -- Tu fu y Li po -- Diálogo para quedarse o partir -- Una parábola -- Barro -- El agua y la verdad -- Vertigo -- El verdadero milagro ...
650 _aCrítica literaria
_92609
650 _aSiglo XX
_98
650 _aLiteratura peruana
_9169
942 _2ddc
_cLIBROS
945 _aachl
_d2019-05-15